00975nam a2200241Ia 4500003000400000005001700004008004100021020002900062040001700091082002000108100001700128245006200145260002800207300002300235500001900258650001400277650002300291942000900314952013400323952013400457952012900591999001300720IIN20250507113522.0231217s2017 xx ad 001 0 eng d cRs.450.00a9789386150653 aIINbEnglish a610.73 bNAL1 aNalini, P.R 1 aPrinciples of Sociology for Graduate Nurses/cP.R. Nalini aNew DelhibJaypeec2017 axvii, 197 p.bill. aIncludes Index1 aSociology1 aSociologyvNursing cBOOK 00102ddc40708Purches BookaIINbIINcGENd2023-12-17g450.00l0o610.73 NALp723r2023-12-17 21:32:24t1w2023-12-17yBOOK 00102ddc40708Purches BookaIINbIINcGENd2023-12-17g450.00l0o610.73 NALp724r2023-12-17 21:32:24t2w2023-12-17yBOOK 00102ddc40708PURCHaIINbIINcGENd2025-03-11g550.00l0o610.73 NALp2002r2025-05-07 11:36:35t3w2025-05-07yBOOK c728d728